000 00595nam a2200217Ia 4500
003 OSt
005 20220925203542.0
006 a|||||r|||| 00| 0
007 ta
008 220923b |||||||| |||| 00| 0 eng d
037 _cGeneral Book
040 _aRTL
_cRTL
_beng
041 _2eng
_aeng
082 _aXoaY15, N2
100 _aPujol M.A.
_9266437
245 0 _aFeminism and anti-feminismin early economic thougts
260 _aEngland
_belgar publishing
_c1992
300 _a228p
_ccm.
942 _hXoaY15, N2
_cGB
_2CC
999 _c546911
_d546911